00526nmm a2200169Ia 4500008004100000020001800041041000800059100004100067245006500108264005100173300001800224490002400242650001500266856005100281942000700332999001700339251105s9999||||xx |||||||||||||||||und|| a9788497422413 aspa aGarcía de la Hoz, Antonio (coord.) 0aDe Edipo a Narciso : feminidad y moral en el psicoanálisis a[Madrid, España] :bBiblioteca Nueva, c2004 a264 páginas aColección Quipú aPsychology uhttps://public.digitaliapublishing.com/a/45845 cCF c90258d90258